Turkin naapurimaat - Statistics

Yleistilastot
  • Tätä visaa on pelattu 1 865 kertaa
  • Keskiarvotulos 7 / 8
Vastaukset kartalla
Vastauksille on annettu kartalla punavihreä väri sen mukaan, kuinka moni on saanut sen oikein.
 
Vastaustilastot
Rajan pituus Valtio % Oikein
499 km Iran
94%
206 km Kreikka
94%
311 km Irak
93%
822 km Syyria
92%
252 km Georgia
89%
268 km Armenia
86%
240 km Bulgaria
83%
9 km Azerbaidžan
80%
Ehtoja vastaavia visoja ei löytynyt
Tulosjakauma
Jokaisen tuloksen saaneiden osuus
Persentiili vastausten määrän mukaan
Tuloshistoriasi
Et ole pelannut tätä visaa